Statistics for CONCACAF Champions League Winners

Click here to take the quiz!

General Stats

  • This quiz has been taken 23 times
  • The average score is 25 of 51

Answer Stats

Year Answer % Correct
1977Club América
86%
2000L.A. Galaxy
71%
2010-2011C.F. Monterrey
67%
2002C.F. Pachuca
62%
1962C.D. Guadalajara
62%
1969Cruz Azul
57%
1980UNAM
43%
1986L.D. Alajuelense
43%
1968Deportivo Toluca F.C.
43%
1998D.C. United
43%
1993Deportivo Saprissa
43%
1991Puebla F.C.
38%
1972C.D. Olimpia
38%
1999Club Necaxa
33%
1983C.F. Atlante
33%
1967Alianza F.C.
29%
1974C.S.D. Municipal
24%
1984Violette A.C.
19%
1973SV Transvaal
19%
1963Racing CH
19%
1979C.D. FAS
19%
1976C.D. Águila
19%
1994C.S. Cartaginés
19%
1975Atlético Español
19%
1985Defence Force F.C.
19%

Score Distribution

Percentile by Number Answered

Percent of People with Each Score

Your Score History

You have not taken this quiz